00363nam a2200145Ia 4500008004100000020001800041041000800059082001800067100001800085245002700103250000600130260006000136300000800196365001300204140306s9999 xx 000 0 und d a9788125940562 aeng a651.7bMAD/BU aMadhukar, R.K aBusiness Communication a2 aNew DelhibVikas Publishing House Private Limitedc2010 a427 bRs.295/-